000 00416nam a2200133Ia 4500
008 100328s9999 xx 000 0 und d
082 _b58877
100 _aआशू रावजी आणि कानडे दिनू.
245 _aतृषार्त.
260 _bडॉल्फिन लायब्ररी.
630 _aतृषार्त.
730 _aतृषार्त.
942 _cBOOK
999 _c545153
_d545150